000
002720000a22000970004500
100
1
_a
Partridge, Chris
245
1
0
_a
The academic study of religions : Contemporary issues and approaches
300
_a
Vol. 18, Núm 2 (2000), Páginas 39-49
773
0
_t
Evangel
942
_c
ANA
999
_c
54425
_d
54425